Statistics for Movie Character to Actor #2

Click here to take the quiz!

General Stats

  • This quiz has been taken 30,232 times
    (7,023 since last reset)
  • The average score is 16 of 26

Answer Stats

Character Actor % Correct
Indiana JonesHarrison Ford
96%
Forrest GumpTom Hanks
95%
Jason BourneMatt Damon
85%
Iron ManRobert Downey, Jr.
83%
Danny OceanGeorge Clooney
76%
Katniss EverdeenJennifer Lawrence
75%
Derek ZoolanderBen Stiller
73%
Jerry MaguireTom Cruise
73%
Hannibal LecterAnthony Hopkins
72%
NeoKeanu Reeves
72%
John McClaneBruce Willis
70%
Erin BrockovichJulia Roberts
69%
Obi-Wan KenobiEwan McGregor
66%
Mary PoppinsJulie Andrews
64%
SpockLeonard Nimoy
57%
Harvey MilkSean Penn
52%
Obi-Wan KenobiAlec Guinness
51%
Ferris BuellerMatthew Broderick
50%
Jack DawsonLeonardo DiCaprio
47%
Harry CallahanClint Eastwood
46%
Danny OceanFrank Sinatra
44%
Mary PoppinsEmily Blunt
42%
Jack TorranceJack Nicholson
41%
Peter VenkmanBill Murray
37%
Dirk DigglerMark Wahlberg
34%
SpockZachary Quinto
29%

Score Distribution

Percentile by Number Answered

Percent of People with Each Score

Your Score History

You have not taken this quiz since the last reset